| 000 | 00604nam a22002177a 4500 | ||
|---|---|---|---|
| 001 | 15357 | ||
| 003 | BD-RjUL | ||
| 005 | 20211208235812.0 | ||
| 008 | 140209s1988 ii ||||| |||| 00| 0 eng d | ||
| 035 | _a(BD-RjUL)15411 | ||
| 040 |
_aBD-RjUL _beng _cBD-RjUL _dBD-RjUL |
||
| 041 | _aeng | ||
| 082 |
_a630.1 _bPAA 1988 |
||
| 100 |
_aParthasarathy, G. _947714 |
||
| 245 | _aAgricultureal growth rural development and poverty / | ||
| 260 |
_aIndia : _bandhra unversity press, _c1988 |
||
| 300 |
_ax.560p. : _c18 cm. |
||
| 504 | _aincludes bibliography. | ||
| 650 |
_aAgriculture _947715 |
||
| 942 |
_2ddc _cBK |
||
| 999 |
_c15357 _d15357 |
||